01646nam a2200325 a 4500001001000000003000900010005001700019007000300036008004100039020001500080040003000095082001900125100004800144245007000192250002200262264005500284300002700339336002700366337003300393338002800426490003400454500005700488590002600545942001400571952022400585952012200809952012800931952024601059999001501305000007096DO-SdBNP20250211142506.0ta090904s1999 dr 001 0 spa d z9993410012 aDO-SdBNPbspacBNPHUerda 4axxxbM351p2221 aMármol, José,d1960-eautor4aut.9645410aPremisas para morir :baforismos y fragmentos /cJosé Mármol. aprimera edición 4aSanto Domingo :bEditora Amigo del Hogar,c©1999. a83 páginas ;c23 cm. atextobtxt2rdacontent asin mediaciónbn2rdamedia avolumenbnc2rdacarrier aColección Egro. Nueva Etapa aIncluye datos biográficos del autor en las solapas aInventariado, 2025/BT 2ddccLBS1 00102ddc56708DSaBNPHUbBNPHUcCTd2015-08-04eDonaciónl0o BNPHU DS p7096-30r2020-06-25te. 3w2020-06-25yLBS1zPerteneció a la biblioteca personal de Chiqui Vicioso / Fidelio Despradel.ZPréstamo en sala 00102ddc51708PDaBNPHUbBNPHUcCTd2009-09-07l0o BNPHU PD p7096-10r2020-06-25w2020-06-25yLBS1ZNo se presta 00102ddc51708PDaBNPHUbBNPHUcCTd2009-09-07l0o BNPHU PD p7096-20r2020-06-25te. 2w2020-06-25yLBS1ZNo se presta 00102ddc56708DSaBNPHUbBNPHUcCTd2025-02-11eDonado por la Presidencia de la República Dominicana 2023.l0oBNPHU DS p2025-0944r2025-02-11te.4w2025-02-11yLBS1zPerteneció a la biblioteca personal de René Rodríguez Soriano. c6877d6877